| 000 | 00576nam a22001817a 4500 | ||
|---|---|---|---|
| 005 | 20251108164652.0 | ||
| 008 | 250721s1960 xx 000 0 ara d | ||
| 082 | 1 | 4 | _a811.051/ايل |
| 100 | 1 | _aخوري، إيليا | |
| 245 | 1 | 0 | _aفن الشعر الخمري و تطوره في الأدب العربي / |
| 264 | 1 |
_aبيروت : _bدار الشرق الجديد، _c1960. |
|
| 300 | _a208 ص | ||
| 490 | 0 | _aالفنون الأدبية عند العرب ؛6 | |
| 650 | 1 | 7 | _aالشعر العربي |
| 650 | 1 | 7 | _aشعر الخمر |
| 942 |
_2ddc _cBK |
||
| 999 |
_c11405 _d11405 |
||